| 000 | 00488nam a2200169Ia 4500 | ||
|---|---|---|---|
| 999 |
_c302 _d302 |
||
| 003 | OSt | ||
| 005 | 20210909102621.0 | ||
| 008 | 190216s9999||||xx |||||||||||||| ||und|| | ||
| 040 | _coclc | ||
| 082 |
_a892.71 _bALK/S |
||
| 100 |
_aAl Khatib, Abdul Hameed _98810 |
||
| 245 | 0 |
_aSirata Sayida Walndi Adam Saiyal Khatib / _cAbdul Hameed Al Khatib |
|
| 260 | _bAl Huda Book Stall | ||
| 300 | _a168p | ||
| 650 | _aArabic | ||
| 942 |
_cBK _2ddc _h892.71 _iALK/S _k892.71 _mALK/S |
||